| 000 | 02336cam a22005654i 4500 | ||
|---|---|---|---|
| 003 | PE-LiUPU | ||
| 005 | 20250731173010.0 | ||
| 008 | 150623s r 000 0 d | ||
| 020 | _a0967762200 | ||
| 035 | _a(Sirsi) i9780967762203 | ||
| 035 | _a(Sirsi) i9780967762203 | ||
| 040 |
_aPE-LiUPU _bspa _cPE-LiUPU _erda |
||
| 049 | _aPRUA | ||
| 082 | 0 | 4 |
_a261.834 4 _bP68 _221 |
| 100 | 1 |
_aMercedes, Dyer H., _eed, _eautor. |
|
| 245 | 1 | 0 |
_aProve all things : _ba response to women in ministry / _cMercedes H. Dyer, ed. |
| 264 | 1 |
_aBerrien Springs, Michigan : _bAdventists Affirm, _c2000. |
|
| 300 |
_a423 páginas ; _c23 centímetros |
||
| 336 |
_atext _2rdacontent |
||
| 337 |
_aunmediated _2rdamedia |
||
| 338 |
_avolume _2rdacarrier |
||
| 500 | _aEl ej. Nº50795 en PG . | ||
| 504 | _aIncluye bibliografía. | ||
| 505 | 0 | _aBackground and methods in women in minsitry. -Biblical Issues. -Historical and Theological Issues. -Ordination and women in ministry. -Appendices. | |
| 526 | _aSEG42 | ||
| 526 | _aSEG41 | ||
| 526 | _aSEG40 | ||
| 526 | _aSEG39 | ||
| 526 | _aP94 | ||
| 526 | _aP87 | ||
| 526 | _aP86 | ||
| 526 | _aP85 | ||
| 526 | _aP77 | ||
| 526 | _aP76 | ||
| 526 | _aP35 | ||
| 650 | 0 | 4 |
_aMujeres _xEnseñanza bíblica. |
| 650 | 0 | 4 |
_aMujeres _xMinisterio. _94263 |
| 942 |
_2ddc _cBOOK |
||
| 949 |
_a261.834 4 P68 _wDEWEY _c1 _i54202 _lCCODEBUL1 _mBUL _r0 _sY _tBOOK _u2015-6-24 _xTEOLOGIA _PP35 _0COMPRA _o.STAFF. Colección General |
||
| 949 |
_a261.834 4 P68 _wDEWEY _c2 _i50795 _lCCODEBUL1 _mBUL _r0 _sY _tBOOK _u2015-6-24 _xTEOLOGIA _PP35 _0COMPRA _o.STAFF. Colección General |
||
| 949 |
_a261.834 4 P68 _wDEWEY _c3 _i47244 _lCCODEBUL1 _mBUL _r0 _sY _tBOOK _u2015-6-24 _xTEOLOGIA _PP35 _0COMPRA _o.STAFF. Colección General |
||
| 994 |
_aC0 _bPEPRU |
||
| 596 | _a1 | ||
| 999 |
_a261.834 4 P68 _wDEWEY _c23316 _i54202 _lLOST _mBUL _r1 _sY _tBOOK _u2015-6-24 _xTEOLOGIA _PP35 _0COMPRA _o.STAFF. Colección General _d23316 |
||
| 999 |
_a261.834 4 P68 _wDEWEY _c2 _i50795 _f2021-11-10 _g5 _lCCODEBUL1 _mBUL _r0 _sY _tBOOK _u2015-6-24 _xTEOLOGIA _PP35 _0COMPRA _o.STAFF. Colección General |
||
| 999 |
_a261.834 4 P68 _wDEWEY _c3 _i47244 _d2019-2-21 _f2021-11-10 _g5 _lCCODEBUL1 _mBUL _q1 _r0 _sY _tBOOK _u2015-6-24 _xTEOLOGIA _PP35 _0COMPRA _o.STAFF. Colección General |
||
| 980 |
_81 _gALBERTO SANCHEZ Responsable de Automatización |
||